|
|
|
|
| LEADER |
00000ny a22000003n 4500 |
| 005 |
20110601140454.0 |
| 008 |
070706s2007 sp 000 0 eng d |
| 020 |
|
|
|a 8498490227
|
| 035 |
|
|
|a 2223
|
| 040 |
|
|
|a UMA.RE
|d vLex
|
| 040 |
|
|
|a UPO
|d vLex
|
| 080 |
|
|
|a 351.78(0.034)
|
| 090 |
|
|
|c 412
|d 412
|
| 245 |
0 |
0 |
|a Delincuencia en materia de trf̀ico y seguridad vial
|h [Recurso electrn̤ico]
|b aspectos penales, civiles y procesales/
|c Lorenzo Moriilas Cueva (coordinador);Luis Aparicio Da̕z ... [et al.]
|
| 256 |
|
|
|a Servicio en ln̕ea
|
| 260 |
|
|
|a Madrid :
|b Dykinson,
|c D.L. 2007
|
| 300 |
|
|
|a 616 p. ;
|c 24 cm
|
| 504 |
|
|
|a Bibliografa̕
|
| 506 |
1 |
|
|a Contenido solo disponible en los productos indicados
|d vLex Global
|d vLex Global (Academic Edition, excluding Law Schools)
|d vLex Global (U.S. Academic Edition, Law Schools)
|d vLex Global (U.S. Academic Edition, excluding Law Schools)
|d vLex Global (Academic Edition, Law Schools)
|
| 650 |
0 |
7 |
|a Delito Contra la Seguridad del Trf̀ico
|2 Tesauro vLex
|
| 650 |
0 |
7 |
|a Penal
|2 Tesauro vLex
|
| 650 |
0 |
7 |
|a Delitos contra la seguridad colectiva
|2 Tesauro vLex
|
| 700 |
1 |
|
|a Aparicio Da̕z, Luis
|
| 700 |
1 |
|
|a Morillas Cueva, Lorenzo
|
| 740 |
0 |
|
|a vLex Libros (Servicios en ln̕ea)
|
| 856 |
4 |
0 |
|u http://vlex.com/source/2223
|z Acceso restringido
|
| 942 |
|
|
|c BOOK
|